[Event "Geneve Bois Gentil op"]
[Site "Geneve"]
[Date "2022.01.21"]
[Round "2"]
[White "Dib, Billal"]
[Black "Kupalov, Igor"]
[Result "1-0"]
[WhiteElo "1898"]
[BlackElo "1984"]
[PlyCount "59"]
[EventDate "2022.01.14"]
[EventType "swiss"]
[EventRounds "7"]
[EventCountry "SUI"]
[SourceTitle "EXT 2023"]
[Source "ChessBase"]
[SourceDate "2022.10.05"]
[SourceVersion "1"]
[SourceVersionDate "2022.10.05"]
[SourceQuality "1"]

1. e4 e6 2. b3 d5 3. Bb2 dxe4 4. Nc3 Nf6 5. d3 exd3 6. Bxd3 Nc6 7. Qe2 Bd6 8. 0-0-0 a6 9. Ne4 Bd7 10. Kb1 Nb4 11. Nf3 Nbd5 12. g3 Qe7 13. Ne5 Bb4 14. c4 Nb6 15. Nxf6+ gxf6 16. Ng4 0-0-0 17. Bxf6 Qf8 18. Be4 Be7 19. Bxh8 Qxh8 20. Ne5 Qg7 21. Rd3 Be8 22. Rxd8+ Bxd8 23. Rd1 Be7 24. f4 Bd6 25. Qf3 Bc6 26. Nxc6 bxc6 27. Bxc6 Ba3 28. Rd2 Bb4 29. Bb7+ Kb8 30. Bxa6 1-0